Impuestos en el sector de recursos humanos /

Guardado en:
Autor Principal: Ceteri, José Luis.
Formato: Libro
Idioma:Spanish
Publicado: Buenos Aires : Osmar D. Buyatti, 2013.
Edición:2a. ed., ampliada y actualizada.
Materias:
Etiquetas: Agregar Etiqueta
Sin Etiquetas, Sea el primero en etiquetar este registro!
LEADER 00853nam a22002175a 4500
001 EAD.ead004450
008 200729s2013####ag############000#0#spa#d
005 20200729210908.0
245 1 0 |a Impuestos en el sector de recursos humanos /  |c José Luis Ceteri. 
250 |a 2a. ed., ampliada y actualizada. 
260 |a Buenos Aires :  |b Osmar D. Buyatti,  |c 2013. 
300 |a 206 p. (4 h.) ;  |c 23 cm. 
500 |a Incluye suplemento de actualización. 
500 |a "Qué hay que saber? Incluye: Retención de ganancias en los sueldos"--tapa. 
500 |a En apéndice: Normas reglamentarias y principales dictámenes de la AFIP. 
020 |a 9789871577934 
100 1 |a Ceteri, José Luis. 
082 0 4 |a 336.24  |2 21 
653 |a Impuesto a las ganancias 
650 7 |a Recursos humanos.  |2 unbist 
859 |a AR-BaBDC  |b BIB. ADMINISTRACION - Libros  |h 336.24  |i C338a2  |p b07096